<?xml version="1.0" encoding="UTF-8"?>
<marc:record xmlns:marc="http://www.loc.gov/MARC21/slim">
   <marc:leader>00000nam a2200000 a 4500</marc:leader>
   <marc:datafield ind1="1" ind2=" " tag="100">
      <marc:subfield code="a">Safier, David</marc:subfield>
      <marc:subfield code="4">aut</marc:subfield>
      <marc:subfield code="e">Verfasser/-in</marc:subfield>
   </marc:datafield>
   <marc:datafield ind1=" " ind2=" " tag="653">
      <marc:subfield code="a">Seelenwanderung</marc:subfield>
   </marc:datafield>
   <marc:datafield ind1="0" ind2="0" tag="245">
      <marc:subfield code="a">Mieses Karma</marc:subfield>
   </marc:datafield>
   <marc:datafield ind1="0" ind2="0" tag="245">
      <marc:subfield code="b">Roman</marc:subfield>
   </marc:datafield>
   <marc:datafield ind1=" " ind2="1" tag="264">
      <marc:subfield code="b">Rowohlt</marc:subfield>
      <marc:subfield code="c">2008</marc:subfield>
   </marc:datafield>
   <marc:datafield ind1="1" ind2=" " tag="520">
      <marc:subfield code="a">Die Ehe der Fernsehmoderatorin Kim Lange ist zwar zerrüttet, dafür hat sie im Beruf riesigen Erfolg: Sie gewinnt den deutschen Fernsehpreis. Pech, dass sie kurz darauf von Teilen einer russischen Raumstation erschlagen wird und im Jenseits erfahren muss, dass sie zuviel mieses Karma in ihrem bisherigen Leben angesammelt habe. Sie wird als Ameise wiedergeboren und muss nun versuchen, auf der Reinkarnationsleiter wieder ein paar Punkte gut zu machen. - Spritziger Unterhaltungsroman.</marc:subfield>
   </marc:datafield>
   <marc:datafield ind1=" " ind2=" " tag="020">
      <marc:subfield code="a">9783499244551</marc:subfield>
      <marc:subfield code="9">9783499244551</marc:subfield>
   </marc:datafield>
</marc:record>
